| 000 | 01176cas a22002415a 4500 | ||
|---|---|---|---|
| 001 | L153389 | ||
| 008 | 110719c2008 xxkar eng u | ||
| 035 | _a(Sirsi) u153389 | ||
| 041 | 0 | _aeng | |
| 050 | _a333.33 $2 18 | ||
| 110 | 2 |
_aLambert Smith Hampton _92865 |
|
| 245 | 0 | 0 |
_aNational Industrial and Distribution Report _h[electronic resource] |
| 260 |
_a[S.l.] _bLambert Smith Hampton _c2008- |
||
| 362 | 0 | _a2008- | |
| 490 | 0 | _aLambert Smith Hampton National Industrial and Distribution Report | |
| 520 | _aComprehensive survey of the national industrial and distribution property markets (excluding Northern Ireland), providing coverage of the UK economic context, national demand and rents, the distribution market, and take-up, rent and availability data for 12 regional markets including Wales and Scotland. | ||
| 554 | _aOne per year | ||
| 650 | 2 | 4 | _aLAMBERT SMITH HAMPTON NATIONAL INDUSTRIAL AND DISTRIBUTION REPORT |
| 651 | 4 |
_aUnited Kingdom _y |
|
| 690 | _aPROPERTY-COMMERCIAL PROPERTY-COMMERCIAL PROPERTY MARKET | ||
| 856 | 4 | 0 |
_uhttps://www.lsh.co.uk/images/cms/national_ind_report_08.pdf _zView the report free of charge at www.lsh.co.uk. |
| 942 | _n0 | ||
| 999 |
_c119337 _d119337 |
||